Докладные записки и письма по вопросу об осаде крепости Карс

RUSMARC
00006345cbc2a2200000#x 450
0015711edef-912c-442c-b14a-949dd53e7a3b
00520260316134615.0
1010#$arus
102##$aRU
2001#$aДокладные записки и письма по вопросу об осаде крепости Карс
$j1 марта - 27 октября 1877 г.
251##$cДело
215##$a33 листа
$d36,5x26 см
2250#$aФонд Лорис-Меликов Михаил Тариэлович, граф (1825-1888)
$hОпись № 1
801#0$aRU
$bРГИА
801#1$2rusmarc
$aRU
$bПБ им. Б.Н. Ельцина
$c20150827
801#2$aRU
$bПБ им. Б.Н. Ельцина
$gRCR
$2rusmarc
850##$aФедеральное казенное учреждение "Российский государственный исторический архив"
852##$aРГИА
$j71
937##$d11136112
$hПБ
100##$a20131002l18771877k##a0rusy0102####са
105##$ay###
1222#$ad18770301##
$ad18771027##
035##$a5711edef-912c-442c-b14a-949dd53e7a3b
300##$aРукописный текст. Чернила
461#0$1001cda3d175-ae4a-411a-8dea-9cc20fb178f6
$12001
$aЛорис-Меликов Михаил Тариелович, граф, министр внутренних дел, главный начальник "верховной распорядительной комиссии по охранению государственного порядка и общественного спокойствия", генерал от кавалерии
$1251
$cФонд
$1852
$j569
462#0$1001163e060a-d7cc-404d-90ee-e28c9801971b
$12001
$aОпись дел фонда М. Т. Лорис-Меликова за 1858-1915 гг.
$vД. 71
$1251
$cОпись
$1852
$j1
600#1$2nlr_sh
$3RU\NLR\AUTH\66321485
$aЛорис-Меликов
$gМихаил Тариелович
$bМ.Т.
$f1825 - 1888
$jДокументы и материалы
6061#$2nlr_sh
$3RU\NLR\AUTH\6661860
$aГосударственные и политические деятели
$yРоссия
$z19 в.
$jДокументы и материалы
6061#$aГенерал-губернаторы
$yРоссия
$jДокументы и материалы
$2nlr_sh
$3RU\NLR\AUTH\661417618
6061#$aРусско-турецкая война
$2nlr_sh1
$3RU\NLR\AUTH\661044156
$z1877 - 1878
$xИстория
$jДокументы и материалы
6061#$aКрымская война
$z1853 - 1856
$jДокументы и материалы
$2nlr_sh
$3RU\NLR\AUTH\66222054
605##$2acquisition_Prlib
$3LIBNET\UAF\0000117522
$aРусско-турецкая война 1877-1878 годов
$lколлекция
605##$2acquisition_Prlib
$3DITM\AF\0000004166
$aРоссия в лицах
$lколлекция
605##$2acquisition_Prlib
$3DITM\AF\0000002775
$aВласть
$lколлекция
686##$a63.3(2)522-8ю14
$2rubbk
$vLBC/M
686##$a63.3(2)522-68ю11
$vLBC/M
$2rubbk
686##$a63.3(2)521.2-68ю11
$vLBC/M
$2rubbk
Формат отображения